000
00252nam a2200097Ia 4500
001
969377
005
20250826220401.0
008
250824s9999 xx 000 0 und d
245
0
_a
CEMİL MERİÇİN DÜMYASI
_c
MUSTAFA ARMAĞAN
260
_b
KETEBE YAYINLARI
999
_c
969377
_d
969377